| 000 | 00643nam a2200205 a 4500 | ||
|---|---|---|---|
| 005 | 20210223130004.0 | ||
| 008 | 060801s1987 mx r 000 0 spa d | ||
| 020 | _a9687209550 | ||
| 035 | _aUPN01000145931 | ||
| 049 | _aCG | ||
| 050 | 4 |
_aPQ7297 P3.6 _bJ6.7 |
|
| 245 | 0 | 0 |
_aJosé Peón y Contreras / _ccomp. e intr. Enrique Montalvo Ortega. |
| 260 |
_aMéxico : _bSenado de la República, LIII Legislatura, _c1987. |
||
| 300 | _a291 p. | ||
| 440 | 4 | _aLos senadores | |
| 600 | 1 | 4 |
_aPEON Y CONTRERAS, JOSE, _d1843-1907 _94646 |
| 650 | 4 |
_aAUTORES MEXICANOS - _vBIOGRAFIA _94062 |
|
| 700 | 1 |
_aMontalvo Ortega, Enrique, _ecomp. |
|
| 905 | _aLibro | ||
| 999 |
_c118077 _d118077 |
||